Mutant city / (Record no. 15619)
[ view plain ]
| 000 -LEADER | |
|---|---|
| fixed length control field | 01099nam a22001937a 4500 |
| 003 - CONTROL NUMBER IDENTIFIER | |
| control field | OSt |
| 005 - DATE AND TIME OF LATEST TRANSACTION | |
| control field | 20201012142806.0 |
| 008 - FIXED-LENGTH DATA ELEMENTS--GENERAL INFORMATION | |
| fixed length control field | 201012b ||||| |||| 00| 0 eng d |
| 020 ## - INTERNATIONAL STANDARD BOOK NUMBER | |
| International Standard Book Number | 978-1-4088-6508-8 |
| 040 ## - CATALOGING SOURCE | |
| Transcribing agency | LIC |
| 082 ## - DEWEY DECIMAL CLASSIFICATION NUMBER | |
| Edition number | 2014 |
| Classification number | DFic |
| Item number | F312 |
| 100 ## - MAIN ENTRY--PERSONAL NAME | |
| Personal name | Feasey, Steve |
| 9 (RLIN) | 42267 |
| 245 ## - TITLE STATEMENT | |
| Title | Mutant city / |
| Statement of responsibility, etc. | Steve Feasey |
| 260 ## - PUBLICATION, DISTRIBUTION, ETC. (IMPRINT) | |
| Place of publication, distribution, etc. | London : |
| Name of publisher, distributor, etc. | Bloomsbury, |
| Date of publication, distribution, etc. | ©2014 |
| 300 ## - PHYSICAL DESCRIPTION | |
| Extent | 347 pages; |
| Dimensions | 21 cm. |
| 365 ## - TRADE PRICE | |
| Price amount | 190.00 |
| Currency code | Php |
| 520 ## - SUMMARY, ETC. | |
| Summary, etc. | Fifty years ago, the world was almost destroyed by a chemical war. Now the world is divided: the mutants and the pure, the broken and the privileged, the damaged and the perfect.<br/><br/>Thirteen years ago, a covert government experimental facility was shut down and its residents killed. The secrets it held died with them. But five extraordinary kids survived.<br/><br/>Today four teenagers are about to discover that their mutant blood brings with it special powers. Rush and three brothers and sisters he can't remember. Two rival factions are chasing them. One by one, they face the enemy. Together, they might just stay alive . . . |
| 942 ## - ADDED ENTRY ELEMENTS (KOHA) | |
| Source of classification or shelving scheme | Dewey Decimal Classification |
| Koha item type | Fiction |
| Withdrawn status | Lost status | Source of classification or shelving scheme | Damaged status | Not for loan | Collection code | Home library | Current library | Shelving location | Date acquired | Source of acquisition | Cost, normal purchase price | Total Checkouts | Full call number | Barcode | Date last seen | Date last checked out | Copy number | Price effective from | Koha item type |
|---|---|---|---|---|---|---|---|---|---|---|---|---|---|---|---|---|---|---|---|
| Dewey Decimal Classification | Fiction | UM Digos College - LIC | UM Digos College - LIC | Book Cart | 11/22/2019 | Purchased | 190.00 | 2 | DFic F312 2014 | 25975 | 05/15/2025 | 09/19/2024 | 1 | 10/12/2020 | Fiction |
